[Event "World Rapid 2022"]
[Site "Almaty KAZ"]
[Date "2022.12.28"]
[Round "13.12"]
[White "Yoo, Christopher Woojin"]
[Black "Grischuk, Alexander"]
[Result "0-1"]
[WhiteTitle "GM"]
[BlackTitle "GM"]
[WhiteElo "2575"]
[BlackElo "2745"]
[WhiteFideId "30909694"]
[BlackFideId "4126025"]
[EventDate "2022.12.26"]

1. e4 e5 2. Nf3 Nc6 3. Bc4 Bc5 4. b4 Be7 5. c3 Nf6 6. d3 d5 7. exd5 Nxd5 8. O-O
O-O 9. Re1 Bf6 10. Qb3 Nb6 11. Bb5 a5 12. Bb2 Be6 13. Qc2 axb4 14. Bxc6 bxc6 15.
cxb4 Nd5 16. Qd2 Nf4 17. d4 Bg5 18. Qc3 Nd5 19. Qb3 Nf4 20. Qc3 exd4 21. Nxd4
Bf6 22. Re4 Qd6 23. Nd2 Bd5 24. Nc4 Bxd4 25. Nxd6 Bxc3 26. Bxc3 Bxe4 27. Nxe4
Ne2+ 28. Kf1 Nxc3 29. Nxc3 Rfb8 30. a4 Rxb4 31. a5 Rc4 32. Ne2 Ra6 33. f3 g6 34.
Nc1 Rc5 35. Nb3 Rb5 0-1

[Event "World Rapid 2022"]
[Site "Almaty KAZ"]
[Date "2022.12.28"]
[Round "13.13"]
[White "Ganguly, Surya Shekhar"]
[Black "Lazavik, Denis"]
[Result "1-0"]
[WhiteTitle "GM"]
[BlackTitle "GM"]
[WhiteElo "2582"]
[BlackElo "2537"]
[WhiteFideId "5002150"]
[BlackFideId "13515110"]
[EventDate "2022.12.26"]

1. e4 e5 2. Nf3 Nc6 3. d4 exd4 4. Nxd4 Nf6 5. Nxc6 bxc6 6. Nd2 d5 7. exd5 cxd5
8. Bb5+ Bd7 9. Bxd7+ Qxd7 10. O-O Be7 11. b3 O-O 12. Bb2 h6 13. Re1 Rfe8 14. Qf3
Nh7 15. Rad1 Bf6 16. Bxf6 Nxf6 17. Rxe8+ Rxe8 18. Nf1 Qe6 19. Ne3 c6 20. h3 Qe4
21. Qxe4 Rxe4 22. Rd3 d4 23. Nf5 c5 24. c3 Re1+ 25. Kh2 dxc3 26. Rxc3 Re2 27.
Rxc5 Rxa2 28. f3 a5 29. Nd6 a4 30. bxa4 Rxa4 31. Rc8+ Kh7 32. Nxf7 Ra5 33. g4
Kg6 34. Nh8+ Kh7 35. h4 Ng8 36. Nf7 Ra7 37. Rf8 g6 38. Ne5 g5 39. hxg5 hxg5 40.
Rf5 Rg7 41. Nf7 Nh6 42. Nxg5+ Kg6 43. Ra5 Rb7 44. Ne4 Rb3 45. Kg3 Nf7 46. Ra6+
Kg7 47. Nc5 Rc3 48. Ne6+ Kh7 49. Ra7 Kg8 50. Nd4 Rd3 51. Nf5 Ne5 52. Nh4 Nc6 53.
Rb7 Nd4 54. Re7 Kf8 55. Ng6+ Kg8 56. Ne5 Ra3 57. Kf4 Kf8 58. Rd7 Ra4 59. Kg5 Ke8
60. Rb7 Kd8 61. Kf6 Ra6+ 62. Kf7 Ne6 63. Rd7+ Kc8 64. Rd3 Ng5+ 65. Kg7 Ne6+ 66.
Kg8 Nf4 67. Rc3+ Kd8 68. Nc6+ Ke8 69. Re3+ 1-0

[Event "World Rapid 2022"]
[Site "Almaty KAZ"]
[Date "2022.12.28"]
[Round "13.14"]
[White "Nogerbek, Kazybek"]
[Black "Gelfand, Boris"]
[Result "1/2-1/2"]
[WhiteTitle "IM"]
[BlackTitle "GM"]
[WhiteElo "2468"]
[BlackElo "2667"]
[WhiteFideId "13710427"]
[BlackFideId "2805677"]
[EventDate "2022.12.26"]

1. Nf3 c5 2. c4 Nf6 3. Nc3 Nc6 4. e3 e6 5. d4 d5 6. cxd5 exd5 7. Bb5 cxd4 8.
Nxd4 Bd7 9. O-O Bd6 10. Nf3 Bg4 11. Be2 O-O 12. b3 Re8 13. Bb2 a6 14. h3 Bh5 15.
Nh4 Bg6 16. Nxg6 hxg6 17. Bf3 d4 18. exd4 Nxd4 19. Bxb7 Ra7 20. Ne4 Be5 21.
Nxf6+ Bxf6 22. Bxd4 Bxd4 23. Bc6 Re6 24. Rc1 Bxf2+ 25. Rxf2 Qxd1+ 26. Rxd1 1/2-1/2

[Event "World Rapid 2022"]
[Site "Almaty KAZ"]
[Date "2022.12.28"]
[Round "13.15"]
[White "Svane, Rasmus"]
[Black "Anton Guijarro, David"]
[Result "1/2-1/2"]
[WhiteTitle "GM"]
[BlackTitle "GM"]
[WhiteElo "2622"]
[BlackElo "2675"]
[WhiteFideId "4657101"]
[BlackFideId "2285525"]
[EventDate "2022.12.26"]

1. Nf3 d5 2. g3 c5 3. Bg2 Nf6 4. O-O e6 5. c4 d4 6. e3 Nc6 7. exd4 cxd4 8. d3 h6
9. Bf4 Nd7 10. Na3 Bc5 11. Nc2 a5 12. a3 a4 13. Bd2 O-O 14. Bb4 e5 15. Qe2 Re8
16. Rae1 Rb8 17. Nh4 Qb6 18. f4 Nxb4 19. axb4 Bxb4 20. Nxb4 Qxb4 21. Bd5 e4 22.
dxe4 Nf6 23. e5 Nxd5 24. cxd5 Bh3 25. Rf2 Rbd8 26. Rd1 Rxd5 27. Qf3 Qb3 28. Rfd2
Qxf3 29. Nxf3 Bg4 30. Kg2 Red8 31. h3 Bxf3+ 32. Kxf3 f5 33. g4 g6 34. gxf5 gxf5
35. Rg1+ Kh7 36. Rc1 R8d7 37. Rc4 b5 38. Rc6 d3 39. Rf6 Ra7 40. Rd6 Rxd6 41.
exd6 Rd7 42. Rxd3 b4 43. Rd4 a3 44. bxa3 bxa3 45. Ra4 Rxd6 46. Rxa3 1/2-1/2

[Event "World Rapid 2022"]
[Site "Almaty KAZ"]
[Date "2022.12.28"]
[Round "13.16"]
[White "Donchenko, Alexander"]
[Black "Chigaev, Maksim"]
[Result "0-1"]
[WhiteTitle "GM"]
[BlackTitle "GM"]
[WhiteElo "2636"]
[BlackElo "2632"]
[WhiteFideId "24603295"]
[BlackFideId "4108116"]
[EventDate "2022.12.26"]

1. Nf3 Nf6 2. c4 g6 3. Nc3 Bg7 4. e4 d6 5. d4 O-O 6. Be2 e5 7. O-O exd4 8. Nxd4
Re8 9. f3 c6 10. Kh1 d5 11. cxd5 cxd5 12. Bb5 Bd7 13. exd5 Bxb5 14. Ndxb5 a6 15.
Na3 Nbd7 16. Bg5 b5 17. Nc2 Nb6 18. d6 h6 19. Bh4 Qd7 20. Qd3 Nc4 21. Bxf6 Bxf6
22. Ne4 Bxb2 23. Rad1 Rad8 24. Nd4 Rxe4 25. Qxe4 Qxd6 26. Rd3 Ne5 27. Rd2 Bc3
28. Nc6 Qxd2 29. Nxe5 Qd5 30. Nc6 Qxe4 31. fxe4 Re8 32. g3 Rxe4 33. Rf2 Kg7 34.
Kg2 Rc4 35. Ne7 Rc5 36. Rc2 Kf8 37. Nd5 Rxd5 38. Rxc3 Rd2+ 39. Kf3 Rxa2 40. h4
b4 41. Rc7 a5 42. Kf4 b3 43. Rb7 a4 44. Rb4 b2 45. Ke5 Kg7 46. Kd4 0-1

[Event "World Rapid 2022"]
[Site "Almaty KAZ"]
[Date "2022.12.28"]
[Round "13.17"]
[White "Najer, Evgeniy"]
[Black "Petrosyan, Manuel"]
[Result "1/2-1/2"]
[WhiteTitle "GM"]
[BlackTitle "GM"]
[WhiteElo "2662"]
[BlackElo "2621"]
[WhiteFideId "4118987"]
[BlackFideId "13300857"]
[EventDate "2022.12.26"]

1. e4 e5 2. Nf3 Nc6 3. Bb5 Nf6 4. d3 Bc5 5. Nbd2 Nd4 6. Nxd4 Bxd4 7. c3 Bb6 8.
d4 c6 9. dxe5 cxb5 10. exf6 Qxf6 11. Nf3 d6 12. O-O Bg4 13. Re1 Bxf3 14. Qxf3
Qxf3 15. gxf3 O-O-O 16. Be3 Bxe3 17. fxe3 d5 18. e5 Kd7 19. Kf2 Ke6 20. f4 f6
21. exf6 gxf6 22. Rg1 Rhg8 23. Rg3 Rg6 24. Rd1 f5 25. Rdg1 Kf6 26. Rg5 Rdg8 27.
R5g3 h5 28. Rd1 Ke6 29. Rdg1 Kf6 30. Rxg6+ Rxg6 31. Rxg6+ Kxg6 32. Ke2 Kf6 33.
Kd3 Ke6 1/2-1/2

[Event "World Rapid 2022"]
[Site "Almaty KAZ"]
[Date "2022.12.28"]
[Round "13.18"]
[White "Le, Tuan Minh"]
[Black "Martirosyan, Haik M."]
[Result "1-0"]
[WhiteTitle "GM"]
[BlackTitle "GM"]
[WhiteElo "2542"]
[BlackElo "2682"]
[WhiteFideId "12401153"]
[BlackFideId "13306553"]
[EventDate "2022.12.26"]

1. d4 Nf6 2. Nf3 e6 3. Bf4 b6 4. e3 Bb7 5. Bd3 Bd6 6. Bg3 Bxg3 7. hxg3 d6 8. c4
c5 9. Nc3 cxd4 10. exd4 Qe7 11. Qe2 Nc6 12. a3 Rc8 13. O-O-O Na5 14. Kb1 h6 15.
Rhe1 d5 16. cxd5 Nxd5 17. Bb5+ Kf8 18. Nxd5 Bxd5 19. Rc1 Rd8 20. Ne5 Nb3 21.
Rcd1 g6 22. Bc4 Kg7 23. Qe3 Na5 24. Bd3 Nc6 25. f4 Bxg2 26. g4 Nxe5 27. dxe5 Qc5
28. Qg3 Bd5 29. Qh4 Rde8 30. Qf6+ Kg8 31. f5 g5 32. Rc1 Qd4 33. Rc3 Qxg4 34. Rc7
Rf8 35. Rec1 exf5 36. Rc8 Be6 37. Rxf8+ Kxf8 38. Qxh8+ Ke7 39. Bb5 Qf4 40. Qe8# 1-0

[Event "World Rapid 2022"]
[Site "Almaty KAZ"]
[Date "2022.12.28"]
[Round "13.20"]
[White "Amin, Bassem"]
[Black "Yu, Yangyi"]
[Result "0-1"]
[WhiteTitle "GM"]
[BlackTitle "GM"]
[WhiteElo "2682"]
[BlackElo "2728"]
[WhiteFideId "10601457"]
[BlackFideId "8603820"]
[EventDate "2022.12.26"]

1. e4 c5 2. Nf3 Nc6 3. Bb5 e6 4. O-O Nge7 5. Re1 b6 6. c3 a6 7. Bf1 d5 8. e5 d4
9. d3 Bb7 10. Nbd2 Ng6 11. g3 Be7 12. h4 h5 13. a3 O-O 14. c4 Qc7 15. Bg2 b5 16.
a4 Nb4 17. Ra3 Rfd8 18. Bf1 Bc6 19. b3 Qb8 20. axb5 axb5 21. cxb5 Qxb5 22. Nc4
Rxa3 23. Nxa3 Qb7 24. Ng5 Bxg5 25. Bxg5 Bf3 26. Be2 Bxe2 27. Qxe2 Rd5 28. Nc4
Qa6 29. Bd2 Nc6 30. Qxh5 Qa2 31. Qg5 Ncxe5 32. Nxe5 Nxe5 33. Rxe5 f6 34. Rxd5
fxg5 35. Rd8+ Kh7 36. Bxg5 Qxb3 37. Rc8 Qb1+ 38. Kh2 Qf1 39. f4 Qxd3 40. Rxc5
Qf3 41. f5 d3 42. Re5 exf5 43. Ra5 0-1

[Event "World Rapid 2022"]
[Site "Almaty KAZ"]
[Date "2022.12.28"]
[Round "13.21"]
[White "Esipenko, Andrey"]
[Black "Sargsyan, Shant"]
[Result "1-0"]
[WhiteTitle "GM"]
[BlackTitle "GM"]
[WhiteElo "2678"]
[BlackElo "2645"]
[WhiteFideId "24175439"]
[BlackFideId "13306766"]
[EventDate "2022.12.26"]

1. e4 e5 2. Nf3 Nc6 3. Bb5 a6 4. Ba4 Nf6 5. O-O Be7 6. Re1 b5 7. Bb3 O-O 8. a4
Bb7 9. d3 d6 10. Nbd2 Nd7 11. c3 Nc5 12. axb5 axb5 13. Rxa8 Qxa8 14. Bc2 b4 15.
d4 bxc3 16. bxc3 Nd7 17. Nf1 Qa1 18. Ne3 Bf6 19. d5 Ncb8 20. c4 Nc5 21. Qe2 Nbd7
22. Bd2 Qa3 23. Rb1 Ra8 24. Bb4 Qa2 25. Qd1 Bc8 26. h4 Qa7 27. g3 Be7 28. Kg2
Nf6 29. Nd2 g6 30. Qe1 h5 31. Nd1 Bf8 32. Nc3 Bd7 33. Nb3 Nxb3 34. Bxb3 c5 35.
dxc6 Bxc6 36. Bc2 Rb8 37. Qe2 Ng4 38. Rb3 Rb7 39. Rb1 Rb8 40. Nd1 Nf6 41. f3 Ne8
42. Nc3 Nc7 43. Bd3 Ne6 44. Nb5 Qd7 45. Bd2 Bxb5 46. cxb5 Nd4 47. Qf1 d5 48.
exd5 Qxd5 49. Bc4 Qd6 50. Qd3 Kg7 51. Be3 Ra8 52. Bxd4 exd4 53. b6 Ra3 54. Qd1
Qe5 55. Rb5 Qe3 56. b7 Bd6 57. b8=Q Bxb8 58. Rxb8 Rc3 59. Rb3 Rxb3 60. Bxb3 d3
61. Bc4 d2 62. Qa1+ Kh7 63. Qf6 Qe8 64. Qd6 Qa4 65. Be2 Qc2 66. Qd5 Kg7 67. f4
Qc1 68. f5 gxf5 69. Bxh5 Kh6 70. Be2 Qe1 71. Qf3 Kg7 72. Bd1 Kf8 73. Qe2 Kg7 74.
Kf3 Kg6 75. Kf4 Qh1 76. Qh5+ Kg7 77. Qf3 Qe1 78. Kxf5 f6 79. Kg4 Qe6+ 80. Qf5
Qe1 81. Qd7+ Kh6 82. Bf3 Qe3 83. Qd5 Kg7 84. Kh3 Qe1 85. Kg2 Qe3 86. Qc4 Qe1 87.
Qe2 Kh6 88. Qd1 Kg7 89. Qb3 Kh6 90. Qd3 Kg7 91. h5 f5 92. Qd6 Qe3 93. Qg6+ Kh8
94. Qf6+ Kh7 95. Qxf5+ Kh8 96. Qd7 Qg5 97. Qe8+ 1-0

[Event "World Rapid 2022"]
[Site "Almaty KAZ"]
[Date "2022.12.28"]
[Round "13.22"]
[White "Quparadze, Giga"]
[Black "Salem, A.R. Saleh"]
[Result "0-1"]
[WhiteTitle "GM"]
[BlackTitle "GM"]
[WhiteElo "2470"]
[BlackElo "2677"]
[WhiteFideId "13602250"]
[BlackFideId "9301348"]
[EventDate "2022.12.26"]

1. e4 e5 2. Nf3 Nc6 3. Bb5 a6 4. Ba4 Nf6 5. O-O Be7 6. Re1 b5 7. Bb3 O-O 8. a4
Bb7 9. d3 d6 10. Nbd2 Na5 11. Ba2 c5 12. Nf1 bxa4 13. Ne3 Bc6 14. Nf5 Bd7 15.
N3h4 Kh8 16. Qd2 Ng8 17. Nxe7 Nxe7 18. f4 Nec6 19. Nf3 f6 20. fxe5 fxe5 21. Rf1
Nb4 22. Bb1 Qb6 23. Qe3 Rf6 24. Bd2 Raf8 25. Be1 h6 26. Rf2 Nbc6 27. c3 Nb3 28.
Rxa4 Ncd4 29. Ra3 Nxf3+ 30. gxf3 a5 31. Bc2 a4 32. Bd1 Rg6+ 33. Kh1 Qb8 34. Rg2
Rxg2 35. Kxg2 Nd4 36. Qd2 Ne6 37. Bg3 Qe8 38. b3 axb3 39. Rxb3 Ng5 40. h4 Nxf3
41. Bxf3 Qe6 42. Qd1 Qh3+ 43. Kf2 Bg4 44. Rb8 Rxb8 45. Bxg4 Rf8+ 46. Bf3 g5 47.
Qc1 Kg7 48. hxg5 h5 49. Qe3 h4 50. Bxe5+ dxe5 51. d4 Qg3+ 52. Ke2 h3 0-1

[Event "World Rapid 2022"]
[Site "Almaty KAZ"]
[Date "2022.12.28"]
[Round "13.23"]
[White "Indjic, Aleksandar"]
[Black "Andreikin, Dmitry"]
[Result "0-1"]
[WhiteTitle "GM"]
[BlackTitle "GM"]
[WhiteElo "2636"]
[BlackElo "2729"]
[WhiteFideId "911925"]
[BlackFideId "4158814"]
[EventDate "2022.12.26"]

1. d4 g6 2. c4 Bg7 3. Nf3 d6 4. Nc3 e5 5. dxe5 dxe5 6. Qxd8+ Kxd8 7. Bg5+ f6 8.
O-O-O+ Bd7 9. Be3 Kc8 10. g3 Nh6 11. h3 Nf5 12. Bc5 Na6 13. Ba3 Bf8 14. Bxf8
Rxf8 15. g4 Nd6 16. b3 Nc5 17. Bg2 Bc6 18. Nd5 Bxd5 19. Rxd5 Nce4 20. Rf1 c6 21.
Rd3 Kc7 22. Ne1 Nc5 23. Rd1 a5 24. Nc2 f5 25. Kb2 f4 26. h4 h6 27. Rh1 Rad8 28.
f3 Ne6 29. Bh3 Nc5 30. Kc1 b5 31. cxb5 Nxb5 32. Kb2 Rb8 33. g5 Rh8 34. Bg4 h5
35. Bh3 Rhd8 36. Rxd8 Rxd8 37. Re1 a4 38. b4 a3+ 39. Kc1 Na4 40. Be6 Nac3 41.
Bc4 Rd6 42. Bxb5 Nxa2+ 43. Kb1 Nc3+ 44. Kc1 Nxb5 45. Na1 Rd4 46. Nc2 Rd8 47. Kb1
Kb6 48. Ka2 Rd2 49. Kb3 a2 50. e3 fxe3 51. Nxe3 a1=N+ 0-1

[Event "World Rapid 2022"]
[Site "Almaty KAZ"]
[Date "2022.12.28"]
[Round "13.24"]
[White "Tomashevsky, Evgeny"]
[Black "Sadhwani, Raunak"]
[Result "0-1"]
[WhiteTitle "GM"]
[BlackTitle "GM"]
[WhiteElo "2694"]
[BlackElo "2627"]
[WhiteFideId "4147235"]
[BlackFideId "35093487"]
[EventDate "2022.12.26"]

1. c4 Nf6 2. Nf3 g6 3. Nc3 Bg7 4. e4 d6 5. d4 O-O 6. Be2 e5 7. O-O h6 8. dxe5
dxe5 9. Be3 Nbd7 10. h3 c6 11. b4 Nh5 12. c5 Nf4 13. Bc4 Qf6 14. a3 Rd8 15. Nd2
Nf8 16. Kh2 h5 17. Rg1 Qh4 18. Qf3 N8e6 19. Nb3 Qe7 20. Rad1 Re8 21. Rd6 g5 22.
Qd1 g4 23. Rh1 gxh3 24. g3 Ng2 25. Qxh5 Nxe3 26. fxe3 Qg5 27. Qf3 Bf8 28. Rf1
Qg6 29. Rd2 Ng5 30. Qd1 Be7 31. Na5 Kg7 32. Bb3 Bf8 33. Nc4 Be6 34. Nd6 Bxd6 35.
Rxd6 a5 36. b5 cxb5 37. Bxe6 Rxe6 38. Qd5 b4 39. Rxe6 Qxe6 40. Nb5 Rc8 41. axb4
axb4 42. Rf5 Qxd5 43. exd5 Kg6 0-1

[Event "World Rapid 2022"]
[Site "Almaty KAZ"]
[Date "2022.12.28"]
[Round "13.25"]
[White "Andriasian, Zaven"]
[Black "Daneshvar, Bardiya"]
[Result "1-0"]
[WhiteTitle "GM"]
[BlackTitle "IM"]
[WhiteElo "2580"]
[BlackElo "2500"]
[WhiteFideId "13302000"]
[BlackFideId "12576468"]
[EventDate "2022.12.26"]

1. e4 c6 2. d4 d5 3. e5 Bf5 4. h4 h5 5. Bd3 Bxd3 6. Qxd3 Qa5+ 7. Nd2 e6 8. Nf3
Nh6 9. O-O Nf5 10. c4 Nd7 11. b3 Be7 12. a4 Nxh4 13. Nxh4 Bxh4 14. Ba3 Be7 15.
Bxe7 Kxe7 16. b4 Qd8 17. b5 c5 18. cxd5 exd5 19. dxc5 Nxc5 20. Qa3 b6 21. Nb3
Qc7 22. Rac1 Rac8 23. Nd4 Kf8 24. Rfe1 Kg8 25. e6 Rh6 26. Qf3 fxe6 27. Nxe6 Qf7
28. Qxd5 Rf6 29. Re5 Rxf2 30. Rg5 Nxe6 31. Rxc8+ Kh7 32. Rxh5+ Kg6 33. Qe4+ Kxh5
34. Rh8+ Kg5 35. Qh4+ Kg6 36. Qh5+ Kf6 37. Qxf7+ 1-0

[Event "World Rapid 2022"]
[Site "Almaty KAZ"]
[Date "2022.12.28"]
[Round "13.26"]
[White "Gareyev, Timur"]
[Black "Asadli, Vugar"]
[Result "0-1"]
[WhiteTitle "GM"]
[BlackTitle "GM"]
[WhiteElo "2602"]
[BlackElo "2567"]
[WhiteFideId "14200937"]
[BlackFideId "13405764"]
[EventDate "2022.12.26"]

1. d4 Nf6 2. c4 g6 3. Nc3 Bg7 4. e4 d6 5. Be2 O-O 6. Nf3 e5 7. O-O h6 8. Re1
Nbd7 9. Rb1 a5 10. Bf1 Re8 11. d5 Nc5 12. b3 Bd7 13. a3 a4 14. b4 Nb3 15. h3 Nh7
16. c5 f5 17. Bc4 Nxc1 18. Rxc1 Rf8 19. c6 Bc8 20. cxb7 Bxb7 21. Bd3 h5 22. Nb5
Rf7 23. Rc2 Bh6 24. Qe2 Bc8 25. Rc3 Nf6 26. Qc2 fxe4 27. Bxe4 Nxe4 28. Qxe4 Bf5
29. Qc4 Qf6 30. Re2 g5 31. Nh2 Re8 32. Nd4 Bd7 33. Rf3 Qg6 34. Rxf7 Qxf7 35. Nb5
Bg7 36. Nxc7 Rc8 37. Rc2 Bf5 38. Rc1 e4 39. b5 Bb2 40. b6 Bxa3 41. b7 Rb8 42.
Ne6 Qxb7 43. Ra1 Qb2 44. Qc7 Qxa1+ 45. Nf1 Re8 46. Qd7 Bg6 47. Qxa4 Qc3 48. Ne3
Bc5 49. Qd7 Bxe3 50. fxe3 Qxe3+ 51. Kh1 Qe1+ 52. Kh2 Qc3 53. Qxd6 Qf6 0-1

[Event "World Rapid 2022"]
[Site "Almaty KAZ"]
[Date "2022.12.28"]
[Round "13.27"]
[White "Paravyan, David"]
[Black "Cheng, Bobby"]
[Result "1/2-1/2"]
[WhiteTitle "GM"]
[BlackTitle "GM"]
[WhiteElo "2586"]
[BlackElo "2583"]
[WhiteFideId "4194985"]
[BlackFideId "4300033"]
[EventDate "2022.12.26"]

1. e4 e6 2. d4 d5 3. Nc3 Nf6 4. Bg5 h6 5. Bxf6 Qxf6 6. a3 c6 7. Qd2 Qd8 8. Nf3
Be7 9. Bd3 Nd7 10. O-O O-O 11. Rfe1 a5 12. Re2 b5 13. exd5 exd5 14. Rae1 Bd6 15.
Nd1 b4 16. axb4 axb4 17. Ne3 Nf6 18. Nf5 Bxf5 19. Bxf5 Ra2 20. b3 Qc7 21. g3
Rfa8 22. Kg2 Ra1 23. Rxa1 Rxa1 24. Bd3 Ra8 25. Nh4 Bf8 26. Nf5 Re8 27. Rxe8 Nxe8
28. Qe2 Nd6 29. Nxd6 Qxd6 30. Qe8 Qf6 31. f4 Qe6 32. Qb8 Qd6 33. Qa8 h5 34. Kf3
Qe6 35. f5 Qe1 36. Kg2 Qc3 37. Qe8 Qxd4 38. Qxc6 h4 39. Kh3 hxg3 40. hxg3 Qe5
41. Qa8 Qd6 42. Kg2 Qe5 43. Qd8 Qd6 44. Qe8 Qe7 45. Qa8 Qe5 46. Kh3 Qd6 47. Kh2
Qh6+ 48. Kg2 Qd2+ 49. Kh3 Qh6+ 50. Kg4 Qd6 51. Be2 g6 52. Bd3 gxf5+ 53. Bxf5 Qe5
54. Bd3 Kg7 55. Qd8 Be7 56. Qb6 Bd6 57. Qf2 Qe6+ 58. Qf5 Be5 59. Kf3 Qxf5+ 1/2-1/2

[Event "World Rapid 2022"]
[Site "Almaty KAZ"]
[Date "2022.12.28"]
[Round "13.28"]
[White "Sindarov, Javokhir"]
[Black "Yudin, Sergei"]
[Result "0-1"]
[WhiteTitle "GM"]
[BlackTitle "GM"]
[WhiteElo "2654"]
[BlackElo "2469"]
[WhiteFideId "14205483"]
[BlackFideId "4159659"]
[EventDate "2022.12.26"]

1. e4 d6 2. d4 Nf6 3. Nc3 e5 4. Nf3 Nbd7 5. Bc4 Be7 6. O-O O-O 7. a4 c6 8. Ba2
a5 9. Qe2 exd4 10. Nxd4 Re8 11. Bg5 h6 12. Be3 Bf8 13. f3 Nc5 14. Rad1 Na6 15.
Qf2 Nb4 16. Bb3 d5 17. Nce2 Bd7 18. c3 Na6 19. Nf4 Nc5 20. Ba2 Nxa4 21. exd5
cxd5 22. Nxd5 Nxd5 23. Bxd5 Qc7 24. Bc1 Rad8 25. Rfe1 b5 26. f4 b4 27. cxb4 Bxb4
28. Rxe8+ Bxe8 29. Bf3 Rxd4 30. Rxd4 Qxc1+ 31. Rd1 Qxd1+ 0-1

[Event "World Rapid 2022"]
[Site "Almaty KAZ"]
[Date "2022.12.28"]
[Round "13.29"]
[White "Vokhidov, Shamsiddin"]
[Black "Ponkratov, Pavel"]
[Result "1-0"]
[WhiteTitle "GM"]
[BlackTitle "GM"]
[WhiteElo "2579"]
[BlackElo "2577"]
[WhiteFideId "14204223"]
[BlackFideId "4157800"]
[EventDate "2022.12.26"]

1. e4 e6 2. d4 d5 3. Nc3 Bb4 4. exd5 exd5 5. Bd3 Nc6 6. a3 Bxc3+ 7. bxc3 Nge7 8.
Rb1 b6 9. Ne2 Bf5 10. Ng3 Bg6 11. h4 Bxd3 12. cxd3 Qd7 13. Qf3 O-O-O 14. Qxf7
Rdf8 15. Qh5 h6 16. O-O g5 17. Rb2 Nf5 18. Nxf5 Qxf5 19. Re2 Qxd3 20. Re6 Qxc3
21. Rxh6 Rhg8 22. Be3 Na5 23. Rc1 Qxa3 24. Qg4+ Kb8 25. Rxc7 gxh4 26. Rg7 Rxg7
27. Qxg7 Rc8 28. Rh7 Rc1+ 29. Bxc1 Qxc1+ 30. Kh2 Qf4+ 31. Kh3 Qf5+ 32. Kxh4
Qxf2+ 33. Kh3 Qf5+ 34. Kg3 1-0

[Event "World Rapid 2022"]
[Site "Almaty KAZ"]
[Date "2022.12.28"]
[Round "13.30"]
[White "Kobalia, Mikhail"]
[Black "Van Foreest, Jorden"]
[Result "1/2-1/2"]
[WhiteTitle "GM"]
[BlackTitle "GM"]
[WhiteElo "2577"]
[BlackElo "2690"]
[WhiteFideId "4119150"]
[BlackFideId "1039784"]
[EventDate "2022.12.26"]

1. e4 e5 2. Nf3 Nc6 3. Bb5 g6 4. c3 d6 5. d4 Bd7 6. d5 Nce7 7. Bxd7+ Qxd7 8. O-O
h6 9. c4 f5 10. Nc3 Nf6 11. Re1 Bg7 12. b4 O-O 13. Nd2 c6 14. dxc6 Nxc6 15. Qa4
a5 16. bxa5 Rxa5 17. Qd1 Ra6 18. Rb1 Kh7 19. a3 Nd4 20. exf5 gxf5 21. Nb3 Ne6
22. Nd5 Qf7 23. Nxf6+ Bxf6 24. Qd5 Ng5 25. Rd1 Ne4 26. Bb2 Qxd5 27. Rxd5 Rb6 28.
Rb5 Rxb5 29. cxb5 Bd8 30. f3 Bb6+ 31. Kf1 Nc5 32. Nxc5 Bxc5 33. a4 Ra8 34. Ra1
Kg6 35. a5 Kf7 36. Ke2 Ke6 37. Bc1 d5 38. a6 d4 39. Bxh6 Kd5 40. g4 fxg4 41.
fxg4 e4 42. g5 d3+ 43. Kd2 Bb4+ 44. Ke3 Bc5+ 45. Kd2 Bd4 46. Ra2 Rc8 47. a7 Bc3+
48. Ke3 Bd4+ 49. Kd2 Bxa7 50. Rxa7 Rc2+ 51. Kd1 Rxh2 52. Ra3 Kd4 53. Bg7+ Ke3
54. Bc3 Kf3 55. Be1 Rb2 56. Bd2 Rxb5 57. g6 Rb1+ 58. Bc1 Rb6 59. g7 Rg6 60. Bh6
Rg1+ 61. Kd2 Rg2+ 62. Kc3 b5 63. Ra2 Rg6 64. Ra8 b4+ 65. Kb3 e3 66. g8=Q Rxg8
67. Rxg8 d2 68. Rd8 Ke2 69. Bxe3 d1=Q+ 70. Rxd1 Kxd1 1/2-1/2

[Event "World Rapid 2022"]
[Site "Almaty KAZ"]
[Date "2022.12.28"]
[Round "13.31"]
[White "Nguyen, Thai Dai Van"]
[Black "Vallejo Pons, Francisco"]
[Result "1/2-1/2"]
[WhiteTitle "GM"]
[BlackTitle "GM"]
[WhiteElo "2656"]
[BlackElo "2716"]
[WhiteFideId "358878"]
[BlackFideId "2205530"]
[EventDate "2022.12.26"]

1. Nf3 e6 2. d4 c5 3. e4 cxd4 4. Nxd4 Nc6 5. Nc3 a6 6. Be2 d6 7. Be3 Bd7 8. g4
b5 9. a3 Nge7 10. h4 Rb8 11. Nb3 Nc8 12. g5 Nb6 13. Nd4 Na5 14. b3 Qc7 15. Qd2
Nb7 16. f4 Rc8 17. Nd1 e5 18. Nf3 exf4 19. Bd4 Nc5 20. Qxf4 Ne6 21. Qe3 Nxd4 22.
Qxd4 Qc5 23. c3 h6 24. Rg1 hxg5 25. Rxg5 Qxd4 26. cxd4 g6 27. Rg1 Be7 28. Kd2
Bxh4 29. a4 bxa4 30. bxa4 a5 31. Nc3 Bd8 32. e5 d5 33. Rh1 Rh5 34. Rxh5 gxh5 35.
Rh1 Bg4 36. Nb5 Kf8 37. Nd6 Rc6 38. Rf1 Be7 39. Bb5 Rc7 40. Kd3 Nc4 41. Nxc4
dxc4+ 42. Ke4 c3 43. Rc1 Bb4 44. d5 Rc5 45. Nd4 h4 46. Nb3 Rc8 47. Kf4 Bh5 48.
Rh1 Kg7 49. Rxh4 Bd1 50. Nd4 c2 51. Nxc2 Bxc2 52. d6 Bd2+ 53. Kf3 Bd1+ 54. Ke4
Bg5 55. Rh1 Bc2+ 56. Kd4 Bf5 57. Rf1 Be6 58. Rg1 Kh6 59. Rh1+ Kg7 60. Rg1 f6 61.
exf6+ Kxf6 62. Rf1+ Kg6 63. Bd3+ Kh5 64. Be2+ Kh6 65. Rh1+ Kg7 66. Rg1 Kg6 67.
Bd3+ Bf5 68. Bxf5+ Kxf5 69. Kd5 Rc2 70. Rf1+ Kg6 71. d7 Be7 72. Rg1+ Kf6 73.
Rf1+ Kg6 74. Rg1+ Kf6 75. Rf1+ Kg5 76. Rg1+ Kf4 77. Rf1+ Kg4 78. Rf7 Bh4 79. Rf8
Ra2 80. Kc6 Rxa4 81. d8=Q Bxd8 82. Rxd8 Rb4 83. Kc5 Rf4 84. Kb5 a4 85. Ra8 Kf3
86. Rxa4 Rxa4 87. Kxa4 1/2-1/2

[Event "World Rapid 2022"]
[Site "Almaty KAZ"]
[Date "2022.12.28"]
[Round "13.32"]
[White "Pantsulaia, Levan"]
[Black "Cheparinov, Ivan"]
[Result "1/2-1/2"]
[WhiteTitle "GM"]
[BlackTitle "GM"]
[WhiteElo "2597"]
[BlackElo "2688"]
[WhiteFideId "13602071"]
[BlackFideId "2905540"]
[EventDate "2022.12.26"]

1. Nf3 d5 2. c4 d4 3. b4 c5 4. b5 Qc7 5. g3 e5 6. d3 Bd6 7. Bg2 Nf6 8. O-O O-O
9. a4 a5 10. e3 Nbd7 11. Re1 Rb8 12. Ra2 b6 13. Rae2 h6 14. Nh4 dxe3 15. Bxe3
Bb7 16. Nc3 Rfe8 17. Nf5 Bxg2 18. Kxg2 Bf8 19. f3 Rbd8 20. Qc2 Re6 21. g4 Qb7
22. h3 Ne8 23. Bf2 g6 24. Ne3 Nc7 25. Bg3 Bg7 26. Ned5 Nxd5 27. Nxd5 Rde8 28.
Qa2 Nf6 29. Nc3 Nd7 30. Qc2 Rd6 31. Re3 Rde6 32. Kh2 Kh7 33. Qg2 Kg8 34. Nd5 Nf6
35. Nxf6+ Bxf6 36. f4 Qxg2+ 37. Kxg2 Rd8 38. fxe5 Bg5 39. Rf3 Rd7 40. Re4 Bd2
41. d4 cxd4 42. Rd3 Bc3 43. Kf3 Rc7 44. Rexd4 Bxd4 45. Rxd4 Kf8 46. Bh4 g5 47.
Bg3 Ke7 48. Ke4 Rc5 49. Kd3 f6 50. exf6+ Rxf6 51. Ke4 Re6+ 52. Kd3 Rf6 53. Ke4
Re6+ 54. Kd3 1/2-1/2